Presupuesto pb︢lico y contabilidad gubernamental

Bibliographic Details
Main Author: Romero Romero, Enrique
Format: eBook
Language:Spanish
Published: Bogot:̀ ECOE, 2017
Subjects:
Online Access:Acceso restringido

MARC

LEADER 00000nam a22000007a 4500
005 20190905001222.0
007 cr|||| ||||
008 190905s2017 co |||||s|||| 00||0 spa d
020 |a 978-958-771-457-9 
035 |a 24762 
040 |a vLex 
090 |c 9408  |d 9408 
100 1 |a Romero Romero, Enrique 
245 1 0 |a  Presupuesto pb︢lico y contabilidad gubernamental  |h [Recurso electrn̤ico] /  |c Enrique Romero Romero 
256 |a Servicio en ln̕ea 
260 |a Bogot:̀  |b ECOE,  |c 2017 
300 |a 1 recurso electrn̤ico 
506 1 |a Disponible solo en los productos indicados  |d vLex Global  |d vLex Global (Academic Edition, excluding Law Schools)  |d vLex Global (U.S. Academic Edition, Law Schools)  |d vLex Global (U.S. Academic Edition, excluding Law Schools)  |d vLex Global (Academic Edition, Law Schools) 
650 0 4 |a Derecho Pb︢lico y Administrativo  |z Colombia 
740 0 |a vLex Libros (Servicio en ln̕ea) 
856 4 0 |u http://vlex.com/source/presupuesto-publico-contabilidad-gubernamental-24762  |z Acceso restringido 
942 |c BOOK 
999 0 |a Public and Administrative Law